000 02110cam a2200517 a 4500
001 22621
003 VRT
005 20260407152900.0
008 240226s1979 xo gr 000 f slo
015 _aSNBA1979
020 _q(viazané)
035 _aSNK000059847
035 _a56ECDEFF-9FC6-4959-8CC6-B180E13602CD
035 _aurn:nbn:sk:snk-am00ij3t
039 9 _a202408281907
_bcsnk01
_c202408281905
_dAUTHORITY
_c202408281904
_dAUTHORITY
_c202408281848
_dAUTHORITY
040 _aSNK
_bslo
_cSNK
_eAACR2
041 1 _aslo
_heng
044 _axo
_cSK
072 7 _a821.11
_xGermánske literatúry
_2konspekt
080 _a839.3-
_21997
080 _a821.112.5-31
_22011
080 _a(0:82-312.4)
_22011
100 1 _aGulik, Robert van,
_d1910-1967
_4aut
245 1 0 _aStrašidelný kláštor ; Motív vŕbovej halúzky ; Opica a tiger
_cRobert Van Gulik ; [z anglických originálov The haunted monastery, The willow pattern, The monkey and the tiger ... preložil Ivan Krčméry]
250 _a1. vyd.
260 _aBratislava
_bSlovenský spisovateľ
_c1979
_eMartin
_fTlačiarne SNP
300 _a339 strán
_c21 cm
490 1 _aZelená knižnica
655 7 _aholandské romány
_2SNKPH
655 7 _adetektívne romány
_2SNKPH
700 1 _aKrčméry, Ivan,
_d1921-1997
_4trl
700 1 2 _aGulik, Robert van,
_d1910-1967
_tThe haunted monastery
_lSlovensky
700 1 2 _aGulik, Robert van,
_d1910-1967
_tThe willow pattern
_lSlovensky
700 1 2 _aGulik, Robert van,
_d1910-1967
_tThe monkey and the tiger
_lSlovensky
700 1 2 _aGulik, Robert van,
_d1910-1967
_tStrašidelný kláštor
700 1 2 _aGulik, Robert van,
_d1910-1967
_tMotív vŕbovej halúzky
700 1 2 _aGulik, Robert van,
_d1910-1967
_tOpica a tiger
830 0 _aZelená knižnica
910 _asnk
942 _2ddc
_cKLDO
_n0
949 _6273K0282967
_asvkpoA 113933
_bsvkpo263626
949 _617A0025253
_9P60, <05>, [BOOK], {605}
_asnkSC 46347 D1
949 _617A0795504
_asnkSC 46347
_bsnkKSP 5643/79
_s6100:20220513
949 _6273K0211068
_asvkpoA 165008
_bsvkpo409033
999 _c22621
_d22621